Idiomas mais falados por hemisfério - Statistics

Estatísticas Gerais
  • Esse quiz foi jogado 131 vezes
  • A pontuação média é 14 de 20
Estatísticas das Respostas
# Idiomas % Correto
200 mi Espanhol
99%
210 mi Espanhol
99%
250 mi Inglês
99%
100 mi Inglês
99%
920 mi Mandarim
99%
245 mi Português
96%
80 mi Francês
95%
36 mi Francês
95%
310 mi Árabe
89%
95 mi Alemão
85%
125 mi Japonês
82%
150 mi Russo
82%
340 mi Hindi
74%
75 mi Indonésio
47%
230 mi Bengali
43%
5 mi Guarani
31%
12 mi Zulu
23%
16 mi Suaíli
20%
8 mi Quíchua
14%
2,5 mi Aimará
11%
Nenhum quiz correspondente encontrado
Distribuição das Pontuações
Porcentagem de Pessoas com Cada Pontuação
Percentil de Números Respondidos
Sua Pontuação Histórica
Você não jogou esse quiz